| 000 | 01082nam a22003377a 4500 | ||
|---|---|---|---|
| 003 | CHAP | ||
| 005 | 20220329134707.0 | ||
| 008 | 971013s1980 r 00010 d | ||
| 010 | _a24296 | ||
| 011 | _a25268 | ||
| 035 | _a29368 | ||
| 040 | _cCHAP | ||
| 090 | _aTesis | ||
| 100 | 0 | 0 |
_aBriseño de la Hoz, Víctor Manuel. _915395 |
| 245 | _aGrazing studies with sheep and cattle | ||
| 260 |
_aAberystwyth : _bThe author, _c1980 |
||
| 300 |
_a201 h. _b; gráfs. |
||
| 502 | _aTesis (Magister in Scientia) -- University of Wales | ||
| 590 |
_aALEPH _b10 _c20130110 _lUCH01 _h1248 |
||
| 590 |
_aBATCH-UPD _b10 _c20130110 _lUCH01 _h1301 |
||
| 590 |
_aBATCH-UPD _b10 _c20130410 _lUCH01 _h0819 |
||
| 590 |
_aBATCH-UPD _b10 _c20130914 _lUCH01 _h1514 |
||
| 590 |
_aCONVERSION _b10 _c20130109 _lUCH01 _h1314 |
||
| 650 | 1 | 4 |
_aGanado lanar _xPastoreo. _945209 |
| 650 | 1 | 4 |
_aGanado vacuno _xPastoreo. _945502 |
| 901 | _aBK | ||
| 942 | _cFOLL | ||
| 949 |
_bBC _cTES _d-67816 _eTS1 _i29368 _si |
||
| 949 |
_bBC _cTES _d-67817 _eTS2 _fc.2 _i29368 _si |
||
| 949 |
_bBC _cTES _d-67818 _eTS2 _fc.3 _h26699 _i29368 _si |
||
| 999 |
_c24296 _d24296 |
||